| 000 | 00850pam a2200253 a 4500 | ||
|---|---|---|---|
| 001 | 4469156 | ||
| 005 | 20180103031428.0 | ||
| 008 | 960208s1996 enk b 001 0 eng c | ||
| 010 | _a 96003533 | ||
| 020 | _a0471965715 (cased : alk. paper) | ||
| 040 |
_aDNLM/DLC _cDLC _dDLC |
||
| 041 | _aeng | ||
| 043 | _ae------ | ||
| 060 | 1 | 0 | _aW 74 A8465 1996 |
| 080 | _a610 SZC | ||
| 082 | 0 | 0 |
_a610 SZC _220 |
| 100 | _a27 | ||
| 101 | _aIM | ||
| 245 | 0 | 0 |
_aAssessment of health care technologies : _cedited by Ala Szczepura and Jari Kankaanpää. |
| 504 | _aIncludes bibliographical references and index. | ||
| 906 |
_a7 _bcbc _corignew _d1 _eocip _f19 _gy-gencatlg |
||
| 942 |
_2ddc _cBK |
||
| 999 |
_c39580 _d39580 |
||